| 000 | 00403nam a22001457a 4500 | ||
|---|---|---|---|
| 005 | 20240108142314.0 | ||
| 008 | 190527b xxu||||| |||| 00| 0 eng d | ||
| 020 | _a978-93-82442-29-7 | ||
| 041 | _aeng | ||
| 100 |
_aSAKARKAR, DR. DINESH. M. AND SUDKE, SURESH. G. _94973 |
||
| 245 | _aLABORATORY MANUAL OF PHARMACEUTICAL ENGINEERING | ||
| 260 |
_aPUNE _bNIRALI PRAKASHAN |
||
| 300 | _aG.7 . | ||
| 942 | _cBK | ||
| 999 |
_c5861 _d5859 |
||